00638nam a2200157 a 450000100060000000300090000600800410001504000280005608200200008411000290010424501040013326000500023730000080028765000570029565001280035213678CO-ViMGA141112s2004 ck r 000 u spa d aCO-ViMGAbspacCO-ViMGA04a338.98612 A574p aGobernacion de Antioquia10aPlan de desarrollo de antioquia : bPlan de desarrollo 1983 - 1990, Plan de inversiones 1983 - 1986 aMedellin : bGobernacion de Antioquia, c1983 a34914aANTIOQUIA(COLOMBIA) - Política SOCIAL, 1983 - 199014aPROYECTOS DE DESARROLLO ECONOMICO - ANTIOQUIA(COLOMBIA), 1983 - 1990 ANTIOQUIA(COLOMBIA - Política ECONOMICA, 1983 - 1990